000 00805nam a2200301 a 4500
003 AR-BaBNM
005 20251128205127.0
008 082120s2002 ||||||||||||||000 | spa||
020 _a950-21-1191-5
040 _cAR-BaBNM
100 1 _aFaro de Castaño, Teresita
245 0 0 _aMitos de la naturaleza
_bhacia una ecología argentina
250 _a1ª ed.
260 _aBuenos Aires
_bPlus Ultra
_c1995
300 _a62 p.
_bil.
500 _aContiene glosario en p. 60-62
650 4 _aLITERATURA FOLKLORICA
650 4 _aLEYENDAS
650 4 _aECOLOGIA
650 4 _aCRISIS ECOLOGICA
650 4 _aMEDIO AMBIENTE NATURAL
650 4 _aMITOLOGIA
651 4 _aArgentina
700 1 _aOlmos, Héctor Ariel
700 1 _aOlmos, Guadalupe
_eilustrador
942 _cBK
998 _cisola
999 _c10098
_d10098